[Event "Sharjah op"]
[Site "Sharjah"]
[Date "2014.11.15"]
[Round "1"]
[White "Isaev, Jamshed"]
[Black "Boshara, Mohammed Ahmed"]
[Result "1-0"]
[WhiteElo "2323"]
[BlackElo "1831"]
[PlyCount "51"]
[EventDate "2014.11.15"]
[EventType "swiss"]
[EventRounds "9"]
[EventCountry "UAE"]
[SourceTitle "CBM 163 Extra"]
[Source "ChessBase"]
[SourceDate "2014.12.23"]
[SourceVersion "1"]
[SourceVersionDate "2014.12.23"]
[SourceQuality "1"]

1. e4 e6 2. d4 d5 3. Nc3 Bb4 4. e5 c5 5. a3 Bxc3+ 6. bxc3 Qc7 7. Qg4 f6 8. Bb5+ Nc6 9. Nf3 cxd4 10. cxd4 Kf8 11. 0-0 Nce7 12. Bd3 Bd7 13. Qh4 f5 14. a4 Ng6 15. Ba3+ Ke8 16. Qh5 Nh6 17. Ng5 Nf7 18. Nxh7 Nf4 19. Qh4 Ng6 20. Qg3 Ngxe5 21. Qxg7 Ng4 22. g3 Ngh6 23. Rfe1 Kd8 24. Ng5 Bc8 25. Qf6+ Ke8 26. Bb5+ 1-0